Name all 8 of the main cuts of steak! - Statistics

General Stats
  • This quiz has been taken 23 times
  • The average score is 3 of 8
Answer Stats
Answer % Correct
Rib
85%
Sirloin
70%
Chuck
40%
Flank
40%
Loin
30%
Brisket
25%
Round
10%
Plate
5%
No matching quizzes found
Score Distribution
Percent of People with Each Score
Percentile by Number Answered
Your Score History
You have not taken this quiz